000 00735mam a2200181 a 4500
020 _a9054108851
082 _a624.15136
_bALM
_cN-01, P-97
100 _aAlmeida, Marcio
_942460
245 1 0 _aRecent developments in soil and pavement mechanics :
_bproceedings of the International Symposium on Recent Developments in Soil and Pavement Mechanics, Rio de Janeiro, Brazil, 25-27 June 1997 /
_cedited by Marcio Almeida.
260 _aRotterdam ;
_aBrookfield, Vt. :
_bA.A. Balkema,
_c1997.
300 _aix, 502 p. :
_bill. ;
_c26 cm.
526 _a0
_b0
_c0
_d624_151360000000000_ALM
526 _a0
_b0
_c0
_d624_151360000000000_ALM
650 0 _aMCE
_9379
650 0 _aSoil mechanics
700 1 _aAlmeida, Márcio
_942461
942 _2ddc
_cBK
999 _c546346
_d546346